000 00751cam a2200265 4500
008 000000n2002 000 0 eng u
020 _a041530122X
035 _a(Sirsi) u119619
041 _aeng
050 _a692.5
110 _aMott Green & Wall
_xEditor
245 _aSpon's mechanical and electrical services price book 2003
250 _a34th ed.
260 _aLondon
_bSpon
_c2002
300 _axvi,659p.
_c24cm.
350 _a115.00
650 _aBUILT ENVIRONMENT-BUILDING COSTS
650 _aBlock management
_96220
650 _aELECTRICAL SERVICES
650 _aLABOUR COSTS
650 _aMECHANICAL AND ELECTRICAL SERVICES
650 _aBUILDING PRICE BOOKS
690 _aBUILT ENVIRONMENT-BUILDING COSTS
942 _n0
999 _c102342
_d102342